Catálogo
 En Linea

La Romana y Bayahíbe : recursos naturales y culturales = (Registro nro. 35509)

Detalles MARC
000 -CABECERA
campo de control de longitud fija 01491nam a2200349 a 4500
001 - NÚMERO DE CONTROL
campo de control 000036018
003 - IDENTIFICADOR DEL NÚMERO DE CONTROL
campo de control OSt
005 - FECHA Y HORA DE LA ÚLTIMA TRANSACCIÓN
campo de control 20201204134029.0
008 - DATOS DE LONGITUD FIJA--INFORMACIÓN GENERAL
campo de control de longitud fija 111123s2007 dr abc 000 0 spa d
040 ## - FUENTE DE LA CATALOGACIÓN
Centro catalogador/agencia de origen DO-SdBNP
Lengua de catalogación spa
Centro/agencia transcriptor BNPHU
041 17 - CÓDIGO DE LENGUA
Código de lengua del texto/banda sonora o título independiente spa
Código de lengua original eng
082 ## - NÚMERO DE LA CLASIFICACIÓN DECIMAL DEWEY
Número de clasificación xxxx
Número de documento/Ítem L864
245 03 - MENCIÓN DE TÍTULO
Título La Romana y Bayahíbe : recursos naturales y culturales =
Resto del título Natural and cultural resources. /
Mención de responsabilidad, etc. dirección de la edición Adolfo López Belando; traducción Martha Lugo ; diseño y diagración Arturo Fiallo ;
260 ## - PUBLICACIÓN, DISTRIBUCIÓN, ETC.
Lugar de publicación, distribución, etc. Santo Domingo :
Nombre del editor, distribuidor, etc. Asociación de Hoteles Romana Bayahíbe ,
-- Banco Interamericano ,
-- Fondo Multilateral de Inversiones,
Fecha de publicación, distribución, etc. 2007.
300 ## - DESCRIPCIÓN FÍSICA
Extensión 282 p. :
Otras características físicas ils., map. retr. ;
Dimensiones 22 cm.
500 ## - NOTA GENERAL
Nota general Guía ecoturística, República Dominicana.
505 1# - NOTA DE CONTENIDO CON FORMATO
Nota de contenido con formato Créditos.- el autor.- mensaje del presidente de la asociación de hoteles Romana Bayahíbe.-dedicatoria.- reconocimientos.-indice.-
505 1# - NOTA DE CONTENIDO CON FORMATO
Nota de contenido con formato Introducción.-
505 1# - NOTA DE CONTENIDO CON FORMATO
Nota de contenido con formato Un poco de historia.-
505 1# - NOTA DE CONTENIDO CON FORMATO
Nota de contenido con formato Senderos naturales y culturales.-
505 1# - NOTA DE CONTENIDO CON FORMATO
Nota de contenido con formato Lugares de interés natural,-
505 1# - NOTA DE CONTENIDO CON FORMATO
Nota de contenido con formato Lugares de interés cultural.-
505 1# - NOTA DE CONTENIDO CON FORMATO
Nota de contenido con formato Arte rupestre en Bayahíbe y el parque Nacional del Este.-
505 1# - NOTA DE CONTENIDO CON FORMATO
Nota de contenido con formato Fiestas locales.-
505 1# - NOTA DE CONTENIDO CON FORMATO
Nota de contenido con formato Lugares de interés turísticos.-
505 1# - NOTA DE CONTENIDO CON FORMATO
Nota de contenido con formato Buceo.-
505 1# - NOTA DE CONTENIDO CON FORMATO
Nota de contenido con formato Epílogo.
700 1# - PUNTO DE ACCESO ADICIONAL--NOMBRE DE PERSONA
Nombre de persona López Belando, Adolfo
9 (RLIN) 62010
700 1# - PUNTO DE ACCESO ADICIONAL--NOMBRE DE PERSONA
Nombre de persona Lugo, Martha,
Término indicativo de función/relación tr.
9 (RLIN) 43160
700 1# - PUNTO DE ACCESO ADICIONAL--NOMBRE DE PERSONA
Nombre de persona Fiallo , Arturo ,
Código de función/relación diseño y diagración
9 (RLIN) 77528
942 ## - ELEMENTOS DE PUNTO DE ACCESO ADICIONAL (KOHA)
Fuente del sistema de clasificación o colocación Dewey Decimal Classification
Tipo de ítem Koha Libro
Existencias
Estado de retiro Estado de pérdida Fuente del sistema de clasificación o colocación No para préstamo Código de colección Localización permanente Ubicación/localización actual Ubicación en estantería Fecha de adquisición Número de inventario Total de préstamos Signatura topográfica completa Código de barras Fecha visto por última vez Precio válido a partir de Tipo de ítem Koha
    Dewey Decimal Classification Préstamo en sala Patrimonio Dominicano General General En catalogación 19.02.2018 LF1   xxxx L864 36018-30 25.06.2020 25.06.2020 Libro y Folleto Colección Patrimonio Dominicano
    Dewey Decimal Classification   Patrimonio Dominicano General General En catalogación 19.02.2018 LF1   xxxx L864 36018-40 25.06.2020 25.06.2020 Libro y Folleto Colección Patrimonio Dominicano
    Dewey Decimal Classification Excluido de préstamo Patrimonio Dominicano Patrimonio Dominicano Patrimonio Dominicano En catalogación 19.02.2018 LF1   xxxx L864 36018-10 25.06.2020 25.06.2020 Libro y Folleto Colección Patrimonio Dominicano
    Dewey Decimal Classification Excluido de préstamo Patrimonio Dominicano Patrimonio Dominicano Patrimonio Dominicano En catalogación 19.02.2018 LF1   xxxx L864 36018-20 25.06.2020 25.06.2020 Libro y Folleto Colección Patrimonio Dominicano

Con tecnología Koha